[Event "Madrid-ch Seniors 50"]
[Site "Madrid"]
[Date "2020.01.16"]
[Round "4"]
[White "Becerra Baigorri, Jose"]
[Black "Beekhof Harmsen, Willen"]
[Result "0-1"]
[WhiteElo "1633"]
[BlackElo "1470"]
[PlyCount "113"]
[EventDate "2020.01.13"]
[EventType "swiss"]
[EventRounds "9"]
[EventCountry "ESP"]
[SourceTitle "CBM 194 Extra"]
[Source "ChessBase"]
[SourceDate "2020.03.31"]
[SourceVersion "1"]
[SourceVersionDate "2020.03.31"]
[SourceQuality "1"]

1. e4 e5 2. Nf3 d6 3. d4 Nf6 4. Nc3 exd4 5. Nxd4 Be7 6. Bc4 0-0 7. 0-0 a6 8. Qd3 b5 9. Bb3 c5 10. Ndxb5 axb5 11. Nxb5 Ba6 12. c4 Nc6 13. Bf4 Nb4 14. Qh3 Bc8 15. Qe3 Ng4 16. Qg3 Bh4 17. Qf3 Ne5 18. Qe3 Ng4 19. Qd2 Ne5 20. Nxd6 Nbd3 21. Bxe5 Nxe5 22. Qd5 Be6 23. Qxe5 Bf6 24. Qxc5 Bxb2 25. Rad1 Ba3 26. Qd4 Qg5 27. Qc3 Rfd8 28. Nb5 Rxd1 29. Rxd1 Be7 30. Nc7 Rd8 31. Rxd8+ Bxd8 32. Nxe6 fxe6 33. g3 Bf6 34. Qd3 Qc5 35. Qe2 g6 36. Kg2 h5 37. Qd2 Kg7 38. h3 e5 39. f4 exf4 40. Qxf4 Be5 41. Qd2 Qc7 42. Qe3 Bd6 43. Qd3 Qe7 44. Bc2 Qe5 45. h4 Kh6 46. Qe3+ Kg7 47. a4 Bc5 48. Qd3 g5 49. hxg5 Qxg5 50. Qd5 Qe3 51. Qd7+ Kf6 52. Qf5+ Kg7 53. Qxh5 Qg1+ 54. Kh3 Qf1+ 55. Kh4 Be7+ 56. Qg5+ Bxg5+ 57. Kxg5 0-1

[Event "Madrid-ch Seniors 65 1718"]
[Site "Madrid"]
[Date "2018.01.29"]
[Round "6"]
[White "Rodriguez Agarrabeitia, Juan Antonio"]
[Black "Beekhof Harmsen, Willen"]
[Result "0-1"]
[WhiteElo "1294"]
[BlackElo "1543"]
[PlyCount "70"]
[EventDate "2018.01.22"]
[EventType "swiss"]
[EventRounds "7"]
[EventCountry "ESP"]
[SourceTitle "EXT 2020"]
[Source "ChessBase"]
[SourceDate "2019.10.17"]
[SourceVersion "1"]
[SourceVersionDate "2019.10.17"]
[SourceQuality "1"]

1. e4 g6 2. Nf3 d6 3. Bc4 Bg7 4. Ng5 e6 5. 0-0 Qxg5 6. d3 Qc5 7. Nd2 b5 8. Nb3 Qb6 9. Bd5 c6 10. Be3 Qc7 11. Bd4 e5 12. Bxf7+ Qxf7 13. Be3 a5 14. Nd2 Nf6 15. Nf3 Bg4 16. h3 Bxf3 17. Qxf3 0-0 18. Bg5 h6 19. Bxf6 Bxf6 20. Qe3 Bg5 21. f4 Bxf4 22. Qf3 Qa7+ 23. Kh1 Nd7 24. Qg4 Kg7 25. Qe6 Rf6 26. Qe7+ Kg8 27. c3 Raf8 28. d4 exd4 29. e5 R6f7 30. Qxd6 Bxe5 31. Qxg6+ Bg7 32. Rxf7 Rxf7 33. Re1 Qc7 34. Re8+ Nf8 35. cxd4 Rf1# 0-1

[Event "Madrid-ch Seniors 65"]
[Site "Madrid"]
[Date "2017.01.27"]
[Round "6"]
[White "Alvarez Escudero, Manuel"]
[Black "Beekhof Harmsen, Willen"]
[Result "1/2-1/2"]
[WhiteElo "1782"]
[BlackElo "1555"]
[PlyCount "88"]
[EventDate "2017.01.20"]
[EventType "swiss"]
[EventRounds "7"]
[EventCountry "ESP"]
[SourceTitle "CBM 176 Extra"]
[Source "ChessBase"]
[SourceDate "2017.03.02"]
[SourceVersion "1"]
[SourceVersionDate "2017.03.02"]
[SourceQuality "1"]

1. e4 g6 2. d4 Bg7 3. Nf3 c6 4. Bc4 d5 5. exd5 cxd5 6. Bb5+ Nc6 7. Ne5 Bd7 8. Nxd7 Qxd7 9. c3 a6 10. Ba4 b5 11. Bb3 Nf6 12. 0-0 0-0 13. Re1 Rfe8 14. Nd2 e5 15. dxe5 Nxe5 16. h3 Nd3 17. Rxe8+ Rxe8 18. Nf3 Ne5 19. Nxe5 Rxe5 20. Bf4 Re4 21. Be3 Re6 22. Bd4 Rd6 23. Be5 Re6 24. Bxf6 Bxf6 25. Qxd5 Rd6 26. Qf3 Bg7 27. Re1 Rf6 28. Qa8+ Bf8 29. Bd5 Kg7 30. Bf3 Qd2 31. Re2 Qc1+ 32. Kh2 Qf4+ 33. Kg1 Bd6 34. g3 Qxf3 35. Qxf3 Rxf3 36. Kg2 Rf6 37. Rd2 Bc5 38. f4 Be3 39. Re2 Re6 40. Rc2 Re8 41. c4 b4 42. b3 h5 43. Kh2 f5 44. Kg2 Kh8 1/2-1/2

[Event "Madrid-ch Seniors 50"]
[Site "Madrid"]
[Date "2017.01.18"]
[Round "8"]
[White "Beekhof Harmsen, Willen"]
[Black "Martinez Carrasco, Jesus"]
[Result "0-1"]
[WhiteElo "1555"]
[BlackElo "1636"]
[PlyCount "118"]
[EventDate "2017.01.09"]
[EventType "swiss"]
[EventRounds "9"]
[EventCountry "ESP"]
[SourceTitle "CBM 176 Extra"]
[Source "ChessBase"]
[SourceDate "2017.03.02"]
[SourceVersion "1"]
[SourceVersionDate "2017.03.02"]
[SourceQuality "1"]

1. Nf3 d5 2. g3 Nf6 3. b3 g6 4. Bb2 Bg7 5. Bg2 0-0 6. 0-0 Nbd7 7. d3 Re8 8. Nbd2 c5 9. Re1 b6 10. c4 Bb7 11. cxd5 Bxd5 12. e4 Bb7 13. Qc2 e5 14. Nc4 Qc7 15. Ne3 a5 16. a4 Rac8 17. Rac1 Kh8 18. Ng5 Rf8 19. Qc4 Kg8 20. d4 h6 21. Ne6 fxe6 22. Qxe6+ Kh8 23. dxe5 Rce8 24. Qd6 Qxd6 25. exd6 Bxe4 26. f3 Bd5 27. Nxd5 Nxd5 28. Bxg7+ Kxg7 29. f4 Nb4 30. Rxe8 Rxe8 31. Bh3 Nf6 32. d7 Rd8 33. Rd1 Nbd5 34. Be6 Nc7 35. f5 gxf5 36. Bxf5 Kf7 37. Rd6 Ke7 38. Rc6 Na8 39. Re6+ Kf7 40. Rd6 Nc7 41. Rc6 Na8 42. Rc8 Ke7 43. g4 Nxd7 44. Bxd7 Kxd7 45. Rxd8+ Kxd8 46. h4 Nc7 47. g5 hxg5 48. hxg5 Ne6 49. g6 Ke7 50. Kf2 Nd4 51. Ke3 Nxb3 52. Kd3 Nd4 53. Kc4 Kf6 54. Kd3 Kxg6 55. Kc4 Kf5 56. Kd5 Kf4 57. Kc4 Ke3 58. Kc3 Ke2 59. Kc4 Kd2 0-1

[Event "Madrid-ch Seniors 50"]
[Site "Madrid"]
[Date "2017.01.17"]
[Round "7"]
[White "Martinez de la Puente, Ignacio"]
[Black "Beekhof Harmsen, Willen"]
[Result "1-0"]
[WhiteElo "1706"]
[BlackElo "1555"]
[PlyCount "69"]
[EventDate "2017.01.09"]
[EventType "swiss"]
[EventRounds "9"]
[EventCountry "ESP"]
[SourceTitle "CBM 176 Extra"]
[Source "ChessBase"]
[SourceDate "2017.03.02"]
[SourceVersion "1"]
[SourceVersionDate "2017.03.02"]
[SourceQuality "1"]

1. e4 g6 2. d4 Bg7 3. Bc4 c6 4. Be3 d5 5. Bd3 Qb6 6. exd5 Qxb2 7. Nd2 Bxd4 8. Rb1 Qc3 9. Ne2 Qa5 10. Bxd4 f6 11. dxc6 Nxc6 12. Bc3 Qd8 13. 0-0 Nh6 14. Bc4 Nf7 15. Nf4 Qd6 16. Nd3 0-0 17. Re1 Kg7 18. Ne4 Qc7 19. Bb3 b6 20. Qf3 Nfe5 21. Nxe5 fxe5 22. Qg3 Rf4 23. Qxf4 Bf5 24. Qg3 Rc8 25. f4 Nd4 26. Bxd4 exd4 27. Re2 b5 28. Ng5 Re8 29. Ne6+ Bxe6 30. Rxe6 a5 31. a4 Qc5 32. Re5 Qa7 33. Qd3 b4 34. Rbe1 Qc7 35. Qxd4 1-0

[Event "Madrid-ch Seniors 50"]
[Site "Madrid"]
[Date "2017.01.13"]
[Round "5"]
[White "Perez Cameselle, Francisco Jose"]
[Black "Beekhof Harmsen, Willen"]
[Result "1-0"]
[WhiteElo "1790"]
[BlackElo "1555"]
[PlyCount "91"]
[EventDate "2017.01.09"]
[EventType "swiss"]
[EventRounds "9"]
[EventCountry "ESP"]
[SourceTitle "CBM 176 Extra"]
[Source "ChessBase"]
[SourceDate "2017.03.02"]
[SourceVersion "1"]
[SourceVersionDate "2017.03.02"]
[SourceQuality "1"]

1. e4 g6 2. d4 Bg7 3. Nf3 d6 4. Nc3 b6 5. Bc4 Bb7 6. 0-0 Nf6 7. Re1 0-0 8. Bb3 Nc6 9. d5 Na5 10. h3 Nxb3 11. axb3 Nd7 12. Nd4 Ne5 13. f4 c5 14. Ndb5 a6 15. fxe5 axb5 16. Rxa8 Qxa8 17. exd6 exd6 18. Nxb5 Qd8 19. Bf4 Be5 20. c4 Qd7 21. Qd2 Ba6 22. Nc3 b5 23. Ra1 Qb7 24. cxb5 Bxb5 25. Ra5 Bd7 26. Na4 Bxa4 27. bxa4 Rb8 28. Rb5 Qa7 29. Rxb8+ Qxb8 30. Bxe5 dxe5 31. d6 Kf8 32. b3 Ke8 33. Qd5 Qa7 34. Qxe5+ Kd8 35. Kh2 h5 36. Qd5 Ke8 37. e5 c4 38. Qxc4 Qb8 39. Qc7 Qxc7 40. dxc7 Kd7 41. Kg3 Kxc7 42. Kf4 Kd7 43. a5 Kc6 44. Ke4 Kb5 45. b4 h4 46. Kf4 1-0

[Event "Madrid-ch Seniors"]
[Site "Madrid"]
[Date "2016.01.13"]
[Round "3"]
[White "Beekhof Harmsen, Willen"]
[Black "Campos Calvo, Sotelo Juan"]
[Result "0-1"]
[WhiteElo "1644"]
[BlackElo "1849"]
[PlyCount "84"]
[EventDate "2016.01.11"]
[EventType "swiss"]
[EventRounds "9"]
[EventCountry "ESP"]
[SourceTitle "EXT 2017"]
[Source "ChessBase"]
[SourceDate "2016.10.25"]
[SourceVersion "1"]
[SourceVersionDate "2016.10.25"]
[SourceQuality "1"]

1. Nf3 b5 2. g3 Bb7 3. Bg2 c5 4. b3 e6 5. Bb2 Nf6 6. 0-0 Be7 7. d3 d5 8. Nbd2 Nbd7 9. c4 b4 10. a3 a5 11. axb4 axb4 12. Qc2 d4 13. Rfe1 0-0 14. e3 Rxa1 15. Bxa1 dxe3 16. Rxe3 Ng4 17. Re2 Qa8 18. Bb2 Bf6 19. h3 Bxb2 20. Qxb2 Ngf6 21. d4 cxd4 22. Qxd4 Rd8 23. Ne1 Bxg2 24. Nxg2 Qa5 25. Qb2 Nc5 26. Nf4 h6 27. g4 Qa3 28. Qxa3 bxa3 29. b4 a2 30. Nb3 Nxb3 31. Rxa2 Rd4 32. Rb2 Rxf4 33. Rxb3 Rxc4 34. b5 Rc8 35. f4 Rb8 36. g5 hxg5 37. fxg5 Nd5 38. Kf2 Rb6 39. h4 g6 40. Kf3 Nc7 41. Ke4 Rxb5 42. Rd3 Nd5 0-1

[Event "Madrid-ch"]
[Site "Madrid"]
[Date "2015.02.16"]
[Round "7"]
[White "Beekhof Harmsen, Willen"]
[Black "Gonzalez Recas, Fernando Jose"]
[Result "0-1"]
[WhiteElo "1654"]
[BlackElo "1776"]
[PlyCount "80"]
[EventDate "2015.02.02"]
[EventType "swiss"]
[EventRounds "9"]
[EventCountry "ESP"]
[SourceTitle "CBM 164 Extra"]
[Source "ChessBase"]
[SourceDate "2015.03.02"]
[SourceVersion "1"]
[SourceVersionDate "2015.03.02"]
[SourceQuality "1"]

1. d4 Nf6 2. Nf3 d5 3. e3 c6 4. Bd3 e6 5. Nbd2 Nbd7 6. 0-0 Be7 7. e4 dxe4 8. Nxe4 0-0 9. b3 Re8 10. Bb2 Nd5 11. c4 Nf4 12. Bb1 Nf6 13. Qc2 Ng6 14. Neg5 Nf8 15. Ne5 Qc7 16. Ngxf7 Bd6 17. Nxd6 Qxd6 18. c5 Qe7 19. Qe2 Nd5 20. Qf3 Qf6 21. Qh5 g6 22. Qh6 Qf4 23. Qh3 Nd7 24. Nxg6 hxg6 25. Bxg6 Re7 26. Rad1 Qg5 27. Bb1 Nf4 28. Qg3 Ne2+ 29. Kh1 Nxg3+ 30. fxg3 Rg7 31. Bc1 Qe7 32. Bf4 Nf6 33. Bd6 Qf7 34. Be5 Qh5 35. Bxf6 Rf7 36. g4 Qxg4 37. h3 Qh5 38. Rd3 Qh6 39. Rg3+ Kf8 40. Rgf3 Ke8 0-1

[Event "Madrid-ch"]
[Site "Madrid"]
[Date "2015.02.09"]
[Round "4"]
[White "Beekhof Harmsen, Willen"]
[Black "Morona Calvo, Virgilio"]
[Result "1-0"]
[WhiteElo "1654"]
[BlackElo "1411"]
[PlyCount "45"]
[EventDate "2015.02.02"]
[EventType "swiss"]
[EventRounds "9"]
[EventCountry "ESP"]
[SourceTitle "CBM 164 Extra"]
[Source "ChessBase"]
[SourceDate "2015.03.02"]
[SourceVersion "1"]
[SourceVersionDate "2015.03.02"]
[SourceQuality "1"]

1. d4 Nf6 2. Nf3 d5 3. e3 g6 4. Bd3 Bg7 5. 0-0 0-0 6. b3 Be6 7. Bb2 c6 8. Nbd2 Na6 9. a3 Nc7 10. c4 Rb8 11. Rc1 b6 12. Ne5 Bd7 13. Qc2 Nh5 14. Nxd7 Qxd7 15. cxd5 c5 16. dxc5 bxc5 17. Bxg7 Kxg7 18. Qxc5 Rfc8 19. Qxa7 Ra8 20. Qd4+ Kg8 21. Nc4 Qxd5 22. Nb6 Qxd4 23. exd4 1-0

[Event "Madrid-ch"]
[Site "Madrid"]
[Date "2015.02.04"]
[Round "3"]
[White "Rodriguez Bachiller, Luis"]
[Black "Beekhof Harmsen, Willen"]
[Result "1-0"]
[WhiteElo "1714"]
[BlackElo "1654"]
[PlyCount "97"]
[EventDate "2015.02.02"]
[EventType "swiss"]
[EventRounds "9"]
[EventCountry "ESP"]
[SourceTitle "CBM 164 Extra"]
[Source "ChessBase"]
[SourceDate "2015.03.02"]
[SourceVersion "1"]
[SourceVersionDate "2015.03.02"]
[SourceQuality "1"]

1. Nf3 Nf6 2. c4 g6 3. Nc3 Bg7 4. d4 d6 5. e4 0-0 6. Be2 c6 7. 0-0 Qc7 8. Bg5 h6 9. Bd2 a6 10. Qc1 Kh7 11. Qc2 Re8 12. Rac1 Nbd7 13. b4 c5 14. dxc5 dxc5 15. Nd5 Qb8 16. bxc5 Nxc5 17. Nb6 Nfxe4 18. Nxa8 Nxd2 19. Nxd2 Qxa8 20. Nb3 Bf5 21. Qd2 Ne4 22. Qe3 h5 23. f4 e5 24. Qf3 exf4 25. Rfe1 Bg4 26. Qxf4 Bh6 27. Qxf7+ Bg7 28. Bxg4 Rf8 29. Qd5 Nf6 30. Qe6 Nxg4 31. h3 Rf6 32. Qd7 Nh6 33. Re7 Nf5 34. Re8 Qa7+ 35. c5 a5 36. a4 Qa6 37. Rf1 Qc6 38. Qxc6 Rxc6 39. Nxa5 Rxc5 40. Nxb7 Rc7 41. Rb1 Rc2 42. Ree1 Nh4 43. Rb4 Rxg2+ 44. Kh1 Bc3 45. Re7+ Kh6 46. Rxh4 Bf6 47. Kxg2 Bxe7 48. Re4 Bf6 49. a5 1-0

[Event "Madrid-ch"]
[Site "Madrid"]
[Date "2015.02.03"]
[Round "2"]
[White "Beekhof Harmsen, Willen"]
[Black "Lozano Sanchez, Jose Antonio"]
[Result "0-1"]
[WhiteElo "1654"]
[BlackElo "1873"]
[PlyCount "81"]
[EventDate "2015.02.02"]
[EventType "swiss"]
[EventRounds "9"]
[EventCountry "ESP"]
[SourceTitle "CBM 164 Extra"]
[Source "ChessBase"]
[SourceDate "2015.03.02"]
[SourceVersion "1"]
[SourceVersionDate "2015.03.02"]
[SourceQuality "1"]

1. d4 d5 2. Nf3 Nf6 3. e3 c6 4. Bd3 e6 5. Nbd2 Bd6 6. 0-0 Nbd7 7. Qe2 0-0 8. e4 dxe4 9. Nxe4 Be7 10. b3 Re8 11. Bb2 Nd5 12. Ng3 Nf4 13. Bxh7+ Kxh7 14. Qe4+ Ng6 15. Rad1 Nf6 16. Qd3 Nd5 17. c4 Nb4 18. Qb1 Bf6 19. Ne5 Bxe5 20. dxe5 Qe7 21. a3 Na6 22. f4 Rh8 23. b4 b6 24. Qd3 Rb8 25. Rf3 Rb7 26. Nh5 Rd7 27. Bd4 c5 28. Rh3 Kg8 29. Nf6+ gxf6 30. Rxh8+ Nxh8 31. exf6 Qd6 32. Qh3 Qxf4 33. Rf1 Qxd4+ 34. Kh1 Qe4 35. Qh6 Qg6 36. Qc1 Bb7 37. Rf2 Be4 38. Rd2 Rxd2 39. Qxd2 Qxg2+ 40. Qxg2+ Bxg2+ 41. Kxg2 0-1

[Event "Madrid-ch Previa-A"]
[Site "Madrid"]
[Date "2013.02.13"]
[Round "6"]
[White "Rodriguez Bachiller, Luis"]
[Black "Beekhof Harmsen, Willen"]
[Result "1-0"]
[WhiteElo "1776"]
[BlackElo "1725"]
[PlyCount "101"]
[EventDate "2013.02.04"]
[EventType "swiss"]
[EventRounds "9"]
[EventCountry "ESP"]
[SourceTitle "EXT 2015"]
[Source "ChessBase"]
[SourceDate "2014.11.20"]
[SourceVersion "1"]
[SourceVersionDate "2014.11.20"]
[SourceQuality "1"]

1. Nf3 f5 2. d4 Nf6 3. c4 e6 4. Nc3 c6 5. Bf4 d5 6. e3 Nbd7 7. cxd5 exd5 8. Bd3 Ne4 9. Bxe4 fxe4 10. Ne5 Nf6 11. h3 Bd6 12. Bg5 0-0 13. Qe2 Qe8 14. Bxf6 Rxf6 15. Ng4 Rg6 16. f4 exf3 17. gxf3 b5 18. a3 b4 19. axb4 Bxb4 20. Kf2 a5 21. Ne5 Ba6 22. Qc2 Re6 23. Rag1 Rc8 24. Rg3 Bd6 25. Rhg1 Rc7 26. f4 Bxe5 27. dxe5 Rf7 28. Na4 Rxe5 29. Rxg7+ Rxg7 30. Rxg7+ Kxg7 31. Qc3 Kg6 32. Qxe5 Qxe5 33. fxe5 Kf5 34. Nc5 Bb5 35. e6 Kf6 36. Kf3 Bf1 37. h4 Ke7 38. e4 dxe4+ 39. Nxe4 Kxe6 40. Ng5+ Kd5 41. Nxh7 Kc4 42. Nf6 Kb3 43. h5 Bd3 44. Ne4 Kxb2 45. h6 a4 46. h7 a3 47. h8Q+ Ka2 48. Qh2+ Ka1 49. Qg1+ Bb1 50. Nd2 a2 51. Qd4# 1-0